000 00351nam a2200145Ia 4500
003 OSt
005 20240327170604.0
008 170523s9999 xx 000 0 und d
020 _a8120312635
040 _cIIMT UNIVERSITY
100 _aKOTHARI- D.P
245 0 _aTHEORY AND PROBLEM OF BASIC ELECTRONICS ENGINEERING
260 _a0
942 _2ddc
_c02
999 _c10937
_d10937